000
00323nam a2200133Ia 4500
008
100328s9999 xx 000 0 und d
082
_b
56328
100
_a
Tannahill Reay
245
_a
Return Of The Stranger
260
_b
Orion
630
_a
Return Of The Stranger
730
_a
Return Of The Stranger
942
_c
BOOK
999
_c
542904
_d
542901